La llamada de la selva / (Registro nro. 9215)
[ vista simple ]
| 000 -LEADER | |
|---|---|
| fixed length control field | 00745nam a22002417a 4500 |
| 003 - CONTROL NUMBER IDENTIFIER | |
| control field | DO-SdBNP |
| 005 - DATE AND TIME OF LATEST TRANSACTION | |
| control field | 20180126144715.0 |
| 008 - FIXED-LENGTH DATA ELEMENTS--GENERAL INFORMATION | |
| fixed length control field | 160314b 1980 sp ||||| |||| 00| 0 spa d |
| 020 ## - INTERNATIONAL STANDARD BOOK NUMBER | |
| International Standard Book Number | 8402074871 |
| 040 ## - CATALOGING SOURCE | |
| Original cataloging agency | BPMSU |
| Language of cataloging | spa |
| Transcribing agency | BPMSU |
| 100 1# - MAIN ENTRY--PERSONAL NAME | |
| Personal name | London, Jack |
| 240 10 - UNIFORM TITLE | |
| Uniform title | <a href="Call of the wild">Call of the wild</a> |
| Language of a work | Español |
| 245 10 - TITLE STATEMENT | |
| Title | La llamada de la selva / |
| Statement of responsibility, etc. | Jack London ; adaptación de Ketty Rico ; ilustraciones de José Ma. Alvarez. |
| 260 ## - PUBLICATION, DISTRIBUTION, ETC. (IMPRINT) | |
| Place of publication, distribution, etc. | Barcelona : |
| Name of publisher, distributor, etc. | Bruguera, |
| Date of publication, distribution, etc. | 1980. |
| 300 ## - PHYSICAL DESCRIPTION | |
| Extent | 176 p |
| Dimensions | 20 cm |
| 490 1# - SERIES STATEMENT | |
| Series statement | Historias. Biblioteca verde |
| Volume/sequential designation | 8 |
| 700 1# - ADDED ENTRY--PERSONAL NAME | |
| Personal name | Rico, Ketty Rico |
| 700 12 - ADDED ENTRY--PERSONAL NAME | |
| Personal name | Alvarez, José Ma., |
| Relator term | il. |
| 830 #0 - SERIES ADDED ENTRY--UNIFORM TITLE | |
| Name of part/section of a work | Historias. Biblioteca verde |
| Volume number/sequential designation | 8 |
| 942 ## - ADDED ENTRY ELEMENTS (KOHA) | |
| Source of classification or shelving scheme | Dewey Decimal Classification |
| Koha item type | Libros |
| 945 ## - LOCAL PROCESSING INFORMATION (OCLC) | |
| a | Inventariado, 2018 /LP |
| 956 ## - LOCAL ELECTRONIC LOCATION AND ACCESS (OCLC) | |
| Host name | LOPEREZ |
| Access number | 10 |
| Withdrawn status | Lost status | Source of classification or shelving scheme | Damaged status | Not for loan | Collection code | Home library | Current library | Date acquired | Source of acquisition | Total Checkouts | Barcode | Date last seen | Price effective from | Koha item type |
|---|---|---|---|---|---|---|---|---|---|---|---|---|---|---|
| Dewey Decimal Classification | Colección General | Biblioteca Pública Metropolitana Salomé Ureña | Biblioteca Pública Metropolitana Salomé Ureña | 01/26/2018 | FUNDI | BPMSU18010072 | 01/26/2018 | 01/26/2018 | Libros |